000 01912nam a2200301Ia 4500
999 _c41455
_d41455
001 8119
003 GE_BSU
005 20230309142527.0
008 181216s2010||||ge |||||||||||||| ||geo||
020 _a9789941013935
040 _cGE_BSU
041 _ageo
080 _a336.01 ვ–18
100 _aვანიშვილი, მერაბ
_94941
245 _aფინანსების თეორია ქართული პრაქტიკით :
_b ლექციების კურსი /
_cმერაბ ვანიშვილი, მზევინარ ნოზაძე, ლაშა გოცირიძე ; მეცნიერ-რედაქტორი კარლო ღურწკაია ; კავკასიის საერთაშორისო უნივერსიტეტი.
264 _aთბილისი :
_bსაზოგადოება ცოდნა,
_c2010.
300 _a388 გვ.;
_b20 სმ.
500 _aწიგნი გამოიცა ვახტანგ წივწივაძის, ვასილ ჩოგოგიძის, ვაგიფ სადის ზადესა და ახმად ვალიევის ფინანსური მხარდაჭერით.
504 _aბიბლიოგრ.: გვ. 378-382
541 _h23ლ.
653 _aფინანსების თეორია
653 _aლექციების კურსი
700 _aნოზაძე, მზევინარ
_eავტორი
_94942
700 _aგოცირიძე, ლაშა
_eავტორი
_917152
700 _aღურწკაია, კარლო
_eრედაქტორი
_93333
710 _aკავკასიის საერთაშორისო უნივერსიტეტი
_95762
942 _cBK
_2udc